000 00371nam a2200169Ia 4500
008 170705s9999 xx 000 0 und d
020 _a439283078
245 _aCaptain Grey /
245 _cAvi.
260 _aNew York :
260 _bScholastic,
260 _c1977
300 _a141 pages :
300 _bcolor illustration ;
300 _c19cm.
500 _a840
999 _c336407
_d336407